000 01028nam0a22002891 4500
001 v19\rc\2000300
005 20251118181302.8
035 _a(NLR Aleph) 005075908
090 _a7144907
_c7144907
100 _a20080811d1915 |||y0rusy50 ca
101 0 _arus
102 _aRU
105 _ay z |||||
200 1 _aКраткий конспект лекций по акушерству
_fСост. студ.-мед. И.Д. Соколов
_g(Испр. проф. В.С. Груздевым)
210 _aКазань
_cТипо-лит. т. д. "В. Еремеева и А. Шашабрина"
_d1915
215 _a270 с.
_d29
309 _aЛитогр.
700 1 _aГруздев
_bВ. С.
_f1866-1938
_gВикторин Сергеевич
702 1 _aСоколов
_bИ. Д.
_gИван Дмитриевич
_4220
801 0 _aRU
_bNLR
_gpsbo
801 0 _aRU
_bRuMoRGB
_2psbo
801 1 _aRU
_bProSoft-M
_2rusmarc
852 _aNLR
_j37.32.1.63
899 _aRuMoRGB
_jV 68/23
899 _aБАН
942 _cBOOK
980 _aNB